000 00553nam a2200169Ia 4500
008 090201s9999 xx 000 0 und d
010 _aKPL-14833
040 _bमराठी
041 _aमराठी
082 _a35013
_b14833
100 _a रघुनाथ पंडित
245 _aदमयंती स्वयंवर
_c रघुनाथ पंडित
260 _c2004
_bव्हीनस प्रकाशन
300 _a104
_bमोठा
600 _aदमयंती स्वयंवर
942 _cBOOK
999 _c233189
_d233189